Normal view
MARC view
Entry Personal Name
001 - CONTROL NUMBER
- control field: 12074
003 - CONTROL NUMBER IDENTIFIER
- control field: dpl
005 - DATE AND TIME OF LATEST TRANSACTION
- control field: 20100812165421.0
008 - FIXED-LENGTH DATA ELEMENTS
- fixed length control field: 100812|||a|||||| | ||| d
040 ## - CATALOGING SOURCE
- Original cataloging agency: dpl
- Transcribing agency: dpl
100 ## - HEADING--PERSONAL NAME
- Personal name: Pal Dheeraj
670 ## - SOURCE DATA FOUND
- Source citation: Work cat.: (dpl): Pal Dheeraj, 101 wonders of the world /, 2009
670 ## - SOURCE DATA FOUND
- Source citation: Work cat.: (dpl): Pal Dheeraj, 101 wonders of the world /, 2009
